Časta celkový pohled : Solirov : Červený kamen : kaple

Zobrazenie: Pohľady na hlavnú ulicu s kostolom, poľovnícky kaštieľ, hrad a kaplnku

Podrobná bibliografia
Médium: Fotografia
Jazyk:maďarčina
slovenčina
Fyzický popis:1 pohľadnica (4 čiastkové pohľady) čiernobiela 9 x 14 cm
Vydavateľské údaje: Trnava Adolf Horovitz [1922?]
Predmet:

MARC

LEADER 00000nkm a2200000 a 4500
001 vtls011861151
003 SK-MaSNL
005 20260301101244.0
007 kf bo
008 240703q1922 xo g 0k|hun
015 |a SNBG1922 
035 |a urn:nbn:sk:snk-km00dtyb 
035 |a urn:nbn:sk:snk-km3lu3f 
035 |a 67F3B032-E57B-4FCE-AA60-DC0D95C18C51 
040 |a SNK  |b slo  |c SNK  |e AACR2 
041 0 |a slo 
043 |a e-xo--- 
044 |a xo  |c SK 
072 7 |a 913  |x Regionálna geografia  |2 konspekt 
080 |a 913(437.6)  |2 2011 
080 |a (084.121)  |2 2011 
080 |a 726:27-523.42  |2 2011 
080 |a 908(437.6)  |2 2011 
080 |a 728.81  |2 2011 
080 |a 904:72  |2 2011 
080 |a 728.82  |2 2011 
245 0 0 |a Časta  |h grafika  |b celkový pohled : Solirov : Červený kamen : kaple 
260 |a Trnava  |b Adolf Horovitz  |c [1922?] 
300 |a 1 pohľadnica (4 čiastkové pohľady)  |b čiernobiela  |c 9 x 14 cm 
500 |a Názvové údaje prevzaté z obrazovej časti pohľadnice 
520 8 |a Zobrazenie: Pohľady na hlavnú ulicu s kostolom, poľovnícky kaštieľ, hrad a kaplnku 
610 2 7 |a Červený Kameň (Častá, Slovensko : hrad)  |2 SNKKA  |9 165952 
610 2 7 |a Poľovnícky kaštieľ Solirov (Dolné Orešany, Slovensko)  |2 SNKKA  |9 435250 
650 0 7 |a kostoly  |2 SNKPH  |9 3023 
650 0 7 |a hrady  |2 SNKPH  |9 3039 
650 0 7 |a národné kultúrne pamiatky  |2 SNKPH  |9 31192 
650 0 7 |a kaplnky  |2 SNKPH  |9 3026 
650 0 7 |a kaštiele  |2 SNKPH  |9 28599 
651 7 |a Častá (Slovensko)  |2 SNKPHgeo  |9 26752 
651 7 |a Dolné Orešany (Slovensko)  |2 SNKPH  |9 84258 
655 7 |a miestne pohľadnice  |2 SNKPH  |9 70510 
655 7 |a pohľadnice kultúrnych pamiatok  |2 SNKPH  |9 70523 
655 7 |a geografické pohľadnice  |2 SNKPH  |9 70522 
852 |a Slovenská národná knižnica 
958 |a GBN 
958 |a GC 
958 |a ONDV 
999 |c 688741  |d 690671 
952 |a SNK  |b SNK  |y PREZ  |7 0  |p 17A1284687  |o snkSP 132199  |0 0  |1 0  |4 0  |d 2019-04-11  |f 1  |l 0  |r 2026-02-23 20:19:43  |w 2026-02-23